000 00267nam a2200109Ia 4500
008 200302s9999 xx 000 0 und d
100 _aUdo Kultermann
245 _aNew Architecture in the World
260 _bBarrie & Jenkins Published
260 _c1976
300 _a144 P.,
999 _c29
_d29